=LDR 00000nam 2200000 4500 =001 INLIS000000000021288 =005 20200907025945 =035 ##$$a 0010-061300000021288 =008 200907################g##########0#ind## =041 ##$$a ind =082 ##$$a 301 =090 ##$$a 301, ANT a =245 ##$$a Antropologi dan hukum /$c Penyunting TO. Ihromi =260 ##$$a Jakarta :$b Yay. Obor Indonesia,$c 2000 =300 ##$$a vi, 174 hlm. ; $c 14x20 cm. =850 ##$$a NBPNMAT =020 ##$$a 979-461-135-2 =084 ##$$a 301 ANT a =650 #4$$a Antropologi =700 1#$$a Ihromi, TO =504 ##$$a Bibliografi : hlm. 161 - 169 =504 ##$$a Indeks : hlm. 170 - 173 =990 ##$$a 20705637 =990 ##$$a 20616529